Classifica Marcatori Ternana All-Time - Statistics

Statistiche generali
  • Questo quiz è stato fatto 5 volte
  • Il punteggio medio è 3 su 10
Statistiche sulle risposte
Gol Nazione Calciatore % Corretto
48 Uruguay César Falletti
75%
26 Italia Daniele Vantaggiato
50%
43 Italia Anthony Partipilo
25%
33 Uruguay Felipe Avenatti
25%
26 Cile Luis Jiménez
25%
47 Liechtenstein Mario Frick
25%
77 Italia Massimo Borgobello
25%
35 Italia Fabrizio Miccoli
0%
30 Italia Franco Cardinali
0%
45 Italia Romano Tozzi Borsoi
0%
Nessun quiz corrispondente trovato
Distribuzione punteggi
Percentuale di utenti per punteggio
Percentile per numero di risposta
I tuoi punteggi nel tempo
Non hai fatto questo quiz